Statistics for Countries with no red in their flags

Click here to take the quiz!

General Stats

  • This quiz has been taken 73 times
  • The average score is 24 of 40

Answer Stats

HintAnswer% Correct
AArgentina
83%
EEstonia
76%
SSweden
76%
FFinland
75%
GGreece
75%
HHonduras
75%
IIndia
75%
IIreland
75%
BBrazil
73%
PPakistan
71%
UUruguay
69%
IIsrael
68%
NNiger
66%
CCyprus
64%
JJamaica
64%
NNigeria
64%
NNicaragua
63%
SSaudi Arabia
63%
UUkraine
61%
KKazakhstan
59%
BBahamas
58%
PPalau
58%
SSomalia
58%
BBarbados
54%
EEl Salvador
54%
GGuatemala
54%
IIvory Coast
54%
KKosovo
53%
GGabon
51%
RRwanda
51%
NNauru
47%
SSan Marino
46%
BBotswana
42%
LLesotho
42%
SSolomon Islands
42%
SSt Lucia
42%
TTanzania
42%
MMicronesia
41%
SSierra Leone
41%
BBosnia & Herzegovina
36%

Score Distribution

Percentile by Number Answered

Percent of People with Each Score

Your Score History

You have not taken this quiz